The New International Dictionary of the Christian. (Record no. 2457)

MARC details
000 -LEADER
fixed length control field 00388nam a22001217a 4500
005 - DATE AND TIME OF LATEST TRANSACTION
control field 20200915114437.0
008 - FIXED-LENGTH DATA ELEMENTS--GENERAL INFORMATION
fixed length control field 200915b ||||| |||| 00| 0 eng d
020 ## - INTERNATIONAL STANDARD BOOK NUMBER
International Standard Book Number 0853642214
040 ## - CATALOGING SOURCE
Transcribing agency CML
245 ## - TITLE STATEMENT
Title The New International Dictionary of the Christian.
Statement of responsibility, etc. Douglas, J.D.
260 ## - PUBLICATION, DISTRIBUTION, ETC.
Place of publication, distribution, etc. Australia
Name of publisher, distributor, etc. The Paternoster Press
Date of publication, distribution, etc. 1974
942 ## - ADDED ENTRY ELEMENTS (KOHA)
Source of classification or shelving scheme Dewey Decimal Classification
Koha item type Books
Edition 2nd Edition
Classification part 203
Call number suffix DOU
Holdings
Withdrawn status Lost status Source of classification or shelving scheme Damaged status Not for loan Collection code Home library Current library Shelving location Date acquired Total Checkouts Full call number Date last seen Copy number Price effective from Koha item type
    Dewey Decimal Classification     Religion Chalimbana Main Library Chalimbana Main Library Religion 09/15/2020   203 DOU 09/15/2020 1 09/15/2020 Books

Powered by Koha